00373nam a2200145Ia 4500008004100000020001500041041001200056082001600068100001800084245006700102250000800169260002500177300000900202650001600211221030s9999 xx 000 0 und d a0074635441 aEnglish a105.23bBig aS. J. Bigelow 0aTroubleshooting, Maintaining & Repairing PCscby S. J. Bigelow a2ND bTMHaNew Delhic1999 a1448 aBE Computer